Rozpoznaj film po opisie #5 - Statystyki

Ogólne statystyki
  • Ten quiz został rozwiązany 31 razy
  • Średni wynik to 5 z 10
Statystyki odpowiedzi
Opis filmu Tytuł % Poprawnych
Młody lew, następca tronu, dorasta w królestwie afrykańskiej sawanny, gdzie przygotowuje się do przejęcia władzy po swoim ojcu, mądrym i sprawiedliwym władcy. Jednak jego beztroskie życie zostaje brutalnie przerwane przez tragiczną śmierć ojca, za którą czuje się odpowiedzialny. Zrozpaczony i zagubiony, ucieka z rodzinnych stron, odnajdując schronienie u dwójki zabawnych i nietypowych przyjaciół. W końcu, mierząc się z przeszłością i własnym lękiem, musi zdecydować, czy jest gotów powrócić i stanąć do walki o swoje miejsce w świecie. Król Lew
100%
Utalentowany żydowski muzyk walczy o przetrwanie w czasie II wojny światowej w okupowanej Warszawie. Jego życie dramatycznie się zmienia, gdy wraz z rodziną trafia do getta, a następnie cudem unika deportacji do obozu zagłady. Pozostawiony sam sobie, zmuszony jest ukrywać się w ruinach miasta, korzystając z pomocy przypadkowych ludzi. W izolacji i strachu stara się zachować resztki swojej godności i człowieczeństwa, jednocześnie próbując przetrwać koszmar wojny. Pianista
86%
Samotny i psychicznie chory mężczyzna próbuje odnaleźć się w brutalnym i niesprawiedliwym społeczeństwie Gotham, gdzie na co dzień pracuje jako klaun do wynajęcia. Jego marzeniem jest kariera komika, ale życie nieustannie rzuca mu kłody pod nogi, prowadząc go na skraj wytrzymałości. W miarę jak jego frustracja i cierpienie narastają, bohater stopniowo przechodzi niepokojącą przemianę, która kończy się narodzinami jednego z najbardziej przerażających i nieprzewidywalnych przestępców w historii miasta. Joker
79%
Młoda agentka FBI zostaje przydzielona do sprawy seryjnego mordercy, który brutalnie zabija swoje ofiary i usuwa im fragmenty skóry. W celu zdobycia informacji na temat jego sposobu działania, musi przeprowadzić wywiad z niebezpiecznym, ale niezwykle inteligentnym więźniem, byłym psychiatrą skazanym za kanibalizm. Między nimi rozwija się psychologiczna gra, w której bohaterka próbuje wydobyć wskazówki, jednocześnie nie dając się zmanipulować przez genialnego zbrodniarza. Milczenie owiec
55%
Utalentowany złodziej specjalizuje się w wykradaniu sekretów z umysłów swoich ofiar podczas snu, kiedy ich podświadomość jest najbardziej podatna na manipulację. Otrzymuje zlecenie na wykonanie zadania o wiele trudniejszego niż zwykle — zamiast kradzieży, musi zaszczepić w czyimś umyśle myśl, tak aby ofiara uznała ją za własną. Wraz z zespołem specjalistów tworzy wielopoziomowy świat snów, ale z każdym kolejnym poziomem misja staje się coraz bardziej niebezpieczna i chaotyczna. Jednocześnie bohater zmaga się z własnymi demonami, które zagrażają powodzeniu zadania. Incepcja
48%
Bezimienny pracownik korporacji cierpiący na chroniczną bezsenność desperacko poszukuje sposobu na wyrwanie się z monotonii swojego życia. Wszystko zmienia się, gdy poznaje charyzmatycznego sprzedawcę mydła o anarchistycznych poglądach. Razem zakładają tajną grupę, w której mężczyźni spotykają się, aby wyładować swoją frustrację poprzez brutalne walki. Z czasem działalność organizacji wymyka się spod kontroli, a bohater odkrywa przerażającą prawdę o swoim nowym przyjacielu i o samym sobie. Podziemny krąg
45%
Zniewolony mężczyzna zostaje uwolniony przez nietypowego niemieckiego łowcę nagród, który potrzebuje jego pomocy w odnalezieniu i zlikwidowaniu przestępców. W zamian za pomoc obiecuje pomóc mu w odnalezieniu jego żony, która została sprzedana innemu właścicielowi. Wspólnie przemierzają południowe stany Ameryki, eliminując kolejne cele i przygotowując się do konfrontacji z brutalnym i bezwzględnym plantatorem, który trzyma jego ukochaną w niewoli. Django
41%
Starszy weteran wojny w Korei, zmagający się z traumą przeszłości, mieszka w spokojnym przedmieściu Detroit. Jego życie zostaje zakłócone, gdy młody chłopak z azjatyckiej rodziny próbuje ukraść jego cenne auto. Zamiast go ukarać, starzec postanawia nawiązać kontakt z chłopcem i jego rodziną, pomagając im w walce z lokalnym gangiem. Choć początkowo niechętny do jakiejkolwiek zmiany w swoim życiu, mężczyzna stopniowo nawiązuje więź z sąsiadami, ucząc ich wartości, a sam staje przed koniecznością dokonania wyboru, który zmieni jego życie na zawsze. Gran Torino
31%
Wybitnie utalentowany matematyk rozpoczyna pracę na prestiżowej uczelni, gdzie jego niezwykłe zdolności przyciągają uwagę zarówno kolegów, jak i tajnych służb. W miarę jak angażuje się w rzekomą współpracę z rządem, jego życie zaczyna się coraz bardziej komplikować. Granica między rzeczywistością a urojeniami staje się niebezpiecznie rozmyta, a bohater musi zmierzyć się z własnym umysłem, próbując odnaleźć prawdę i odzyskać kontrolę nad swoim życiem. Piękny umysł
28%
Historia młodego chłopaka dorastającego w biednej dzielnicy Nowego Jorku, który od najmłodszych lat marzy o wejściu w świat gangsterskiego życia. Dzięki swojemu sprytowi i determinacji szybko pnie się po szczeblach mafijnej hierarchii, współpracując z brutalnym, ale charyzmatycznym przyjacielem oraz wyrachowanym mentorem. W miarę jak zdobywa coraz większą władzę i bogactwo, zaczyna tracić kontrolę nad swoim życiem, a przemoc i zdrada stają się nieodłącznymi elementami jego codzienności. Chłopcy z ferajny
10%
Nie znaleziono quizów pasujących do podanych kryteriów
Rozkład punktacji
Procent ludzi z każdym wynikiem
Percentyl według liczby udzielonych odpowiedzi
Twoja historia wyników
Nie rozwiązałeś tego quizu